Ulice a námestia mesta Trenčína
| Titel: | Ulice a námestia mesta Trenčína : zoznam názvov ulíc a námestí mesta s výkladom : prehľad pamätníkov, pomníkov, pamätných tabúľ a náhrobníkov / [Ľudmila Strohnerová, Ivo Veliký] |
|---|---|
| Verfasser: | |
| Beteiligt: | |
| Veröffentlicht: | Trenčín : Mesto Trenčín : Štátna krajská knižnica Michala Rešetku, 1999 |
| Umfang: | 85 Seiten |
| Format: | Buch |
| Sprache: | Slowakisch |
| ISBN: | 8085135124 |
| Hinweise zum Inhalt: |
Inhaltsverzeichnis
|
alg: 40075500 001A $03004:22-03-17 001B $01999:09-09-17 $t11:35:02.000 001C $03004:07-09-17 $t11:02:28.000 001D $03004:06-09-17 001U $0utf8 001X $00 002@ $0Aau 002C $aText $btxt $2rdacontent 002D $aohne Hilfsmittel zu benutzen $bn $2rdamedia 002E $aBand $bnc $2rdacarrier 003@ $0400755009 004A $080-85135-12-4 007A $0400755009 $aHEB 007G $0DE0202D959F6241E96C31C125819500476F63 009P $qapplication/pdf $A2 $3Inhaltsverzeichnis $uhttp://scans.hebis.de/HEBCGI/show.pl?40075500_toc.pdf $mV:DE-603;B:DE-Mb50 010@ $aslo 010E $erda 011@ $a1999 $n1999 021A $aUlice a námestia mesta Trenčína $dzoznam názvov ulíc a námestí mesta s výkladom : prehľad pamätníkov, pomníkov, pamätných tabúľ a náhrobníkov $h[Ľudmila Strohnerová, Ivo Veliký] 028A $7 $8Strohnerová, Ľudmila [Tnu] $9416286828 028C $7 $8Veliký, Ivo [Tnu] $9416286844 033A $pTrenčín $nMesto Trenčín : Štátna krajská knižnica Michala Rešetku 034D $a85 Seiten 044K $RTrentschin $RKraj Trenčin $#Trentschin $#Trencsén $7106934947X $8Trenčín [Tg1] $9357795792 044K $RGeografischer Name $#Street names $#Rues Noms $#Calles Nombres $#Gassenname $#Straßennamen $#Straße Name $#Straße Geografischer Name $74057910-4 $8Straßenname [Ts1] $9085160989 lok: 40075500 24 exp: 40075500 24 1 #EPN 201B/01 $007-09-17 $t11:00:08.000 201C/01 $022-03-17 201U/01 $0utf8 203@/01 $0803378610 208@/01 $a07-09-17 $bz 209A/01 $a17.01026 $du $f050 $h17 01026 $x00 209C/01 $a17.01026 T $h17 01026 T 209G/01 $a73763983 $x00 220C/01 $akon 247C/01 $8358050-7Marburg, Bibliothek des Herder-Instituts Marburg $9102600961 lok: 40075500 78 exp: 40075500 78 1 #EPN 201B/01 $004-08-21 $t09:44:24.000 201C/01 $004-08-21 201U/01 $0utf8 203@/01 $01163020427 208@/01 $a04-08-21 $be 209A/01 $a/ $f000 $x00 209A/01 $ab*p $x01 220C/01 $apgar 244Z/01 $#Slowakei $#Slowakei $#Slowakische Republik $#Oberungarn $#Slovensko $#Slovenská Republika $#Slovenská SR $#SSR $#Slovakia $#Slovaquie $#Slovak Republic $#République Slovaque $#Slovenská Socialistická Republika $#Slowakische Sozialistische Republik $#Slovak Socialist Republic $#République Socialiste Slovaque $74055297-4 $8--Tg1--Slowakei $x01 $9085153834 247C/01 $82080>Marburg/Lahn, Herder-Institut, Forschungsbibliothek, Bibliographieportal $9336309341
| LEADER | 00000cam a2200000 c 4500 | ||
|---|---|---|---|
| 001 | 400755009 | ||
| 003 | DE-603 | ||
| 005 | 20170909113502.0 | ||
| 007 | tu | ||
| 008 | 170322s1999 xx |||| | u00||u|slo c | ||
| 020 | |a 8085135124 | ||
| 035 | |a (DE-599)HEB400755009 | ||
| 040 | |a DE-603 |b ger |c DE-603 |d DE-603 |e rda | ||
| 041 | |a slo | ||
| 100 | 1 | |a Strohnerová, Ľudmila |0 (DE-603)416286828 | |
| 245 | 0 | 0 | |a Ulice a námestia mesta Trenčína |b zoznam názvov ulíc a námestí mesta s výkladom : prehľad pamätníkov, pomníkov, pamätných tabúľ a náhrobníkov |c [Ľudmila Strohnerová, Ivo Veliký] |
| 264 | 1 | |a Trenčín |b Mesto Trenčín : Štátna krajská knižnica Michala Rešetku |c 1999 | |
| 300 | |a 85 Seiten | ||
| 336 | |a Text |b txt |2 rdacontent | ||
| 337 | |a ohne Hilfsmittel zu benutzen |b n |2 rdamedia | ||
| 338 | |a Band |b nc |2 rdacarrier | ||
| 650 | 7 | |a Straßenname |0 (DE-588)4057910-4 |0 (DE-603)085160989 |2 gnd | |
| 651 | 7 | |a Trenčín |0 (DE-588)106934947X |0 (DE-603)357795792 |2 gnd | |
| 700 | 1 | |a Veliký, Ivo |0 (DE-603)416286844 | |
| 856 | 4 | 2 | |m V:DE-603;B:DE-Mb50 |q application/pdf |u http://scans.hebis.de/HEBCGI/show.pl?40075500_toc.pdf |3 Inhaltsverzeichnis |
| 924 | 0 | |9 Mb 50 |a (DE-603)803378610 |b DE-Mb50 |c HES |d c |g 17.01026 | |
| 924 | 0 | |9 2080 |a (DE-603)1163020427 |b DE-2080 |c HES |d d |g / | |


